[Event "FICS rated blitz game"]
[Site "FICS freechess.org"]
[Date "2018.01.20"]
[Round "?"]
[White "CMoniz"]
[Black "walchseb"]
[Result "1-0"]
[WhiteElo "1440"]
[BlackElo "1450"]
[PlyCount "99"]
[EventDate "2018.??.??"]
[EventType "blitz"]

1. e4 e5 2. Nf3 Nc6 3. c3 Nf6 4. d3 d6 5. Be2 Be7 6. O-O Bg4 7. h3 Bh5 8. Nh2
Bxe2 9. Qxe2 O-O 10. f4 exf4 11. Rxf4 h6 12. Ng4 Nxg4 13. Rxg4 Ne5 14. Rg3 Kh7
15. d4 Ng6 16. Nd2 Nf4 17. Qf2 Nd3 18. Rxd3 Bg5 19. Qf5+ g6 20. Qf3 f5 21. e5
dxe5 22. dxe5 Qe7 23. Nc4 Bxc1 24. Rxc1 b5 25. Na3 Qxe5 26. Rd5 Qe6 27. Nxb5
Qb6+ 28. Kh1 c6 29. Rd6 Qxb5 30. b4 Rfe8 31. Rxc6 Qe2 32. Qxe2 Rxe2 33. a4 Re7
34. Rc2 Rd8 35. c4 Rd1+ 36. Kh2 f4 37. a5 Ree1 38. g3 Rh1+ 39. Kg2 Rhg1+ 40.
Kf3 fxg3 41. Re2 Rdf1+ 42. Kg4 Rf7 43. b5 g2 44. b6 h5+ 45. Kg3 g5 46. Rc7 h4+
47. Kh2 axb6 48. Rxf7+ Kg8 49. Rb7 Kf8 50. Rf2+ 1-0

[Event "FICS rated standard game"]
[Site "FICS freechess.org"]
[Date "2018.01.20"]
[Round "?"]
[White "louarn"]
[Black "devilsreject"]
[Result "0-1"]
[WhiteElo "1389"]
[BlackElo "1458"]
[PlyCount "94"]
[EventDate "2018.??.??"]

1. e4 e5 2. Nf3 Nc6 3. c3 d5 4. exd5 Qxd5 5. c4 Qe4+ 6. Be2 Bg4 7. O-O Nd4 8.
Nc3 Qc6 9. Nxd4 Bxe2 10. Qxe2 Qd6 11. Nf3 O-O-O 12. Nb5 Qd7 13. Nxe5 Qe8 14.
Nxa7+ Kb8 15. Nb5 Nf6 16. f4 Bc5+ 17. Kh1 Nd7 18. Qg4 Nxe5 19. fxe5 Qxe5 20.
Qg3 Qxg3 21. hxg3 Rd3 22. b3 Rxg3 23. Bb2 f6 24. Rae1 h5 25. Rf5 Bb4 26. Bc3
Bxc3 27. dxc3 h4 28. Rf3 Rg4 29. Nd4 c5 30. Ne6 g5 31. Nxc5 Rd8 32. Rxf6 Rd2
33. Rg1 Rxa2 34. Rf8+ Ka7 35. Nd7 h3 36. Kh2 hxg2 37. Ne5 Rh4+ 38. Kg3 Rh1 39.
Nf3 Rxg1 40. Nxg1 Rc2 41. Rf5 Rxc3+ 42. Kg4 Rc1 43. Kxg5 Rxg1 44. Ra5+ Kb6 45.
Rf5 Rf1 46. Rxf1 gxf1=Q 47. c5+ Kxc5 {White resigns} 0-1

[Event "FICS rated blitz game"]
[Site "FICS freechess.org"]
[Date "2018.01.20"]
[Round "?"]
[White "gmarius"]
[Black "kenzie"]
[Result "0-1"]
[WhiteElo "1266"]
[BlackElo "1298"]
[PlyCount "62"]
[EventDate "2018.??.??"]
[EventType "blitz"]

1. e4 e5 2. Nf3 Nc6 3. c3 Nf6 4. d3 Be7 5. h3 O-O 6. Be2 d6 7. g4 Bd7 8. g5 Nh5
9. h4 Bg4 10. Rg1 Bxf3 11. Bxf3 Nf4 12. Rg4 f5 13. gxf6 Bxf6 14. h5 Nxh5 15.
Be3 Nf4 16. Qb3+ Kh8 17. c4 Na5 18. Qc2 Bg5 19. Nd2 Qf6 20. O-O-O a6 21. Rdg1
Bh6 22. b3 Nc6 23. a3 Nd4 24. Bxd4 exd4 25. Kb2 Nh3 26. R1g2 Bxd2 27. Qxd2 Qxf3
28. Rxg7 Nf4 29. R7g3 Qe2 30. Qxe2 Nxe2 31. Rh3 Nf4 {White resigns} 0-1

[Event "FICS rated blitz game"]
[Site "FICS freechess.org"]
[Date "2018.01.20"]
[Round "?"]
[White "Tensecterror"]
[Black "smarlny"]
[Result "0-1"]
[WhiteElo "1348"]
[BlackElo "1357"]
[PlyCount "64"]
[EventDate "2018.??.??"]
[EventType "blitz"]

1. e4 e5 2. Nf3 Nc6 3. c3 Nf6 4. d4 exd4 5. e5 Ne4 6. cxd4 d5 7. h3 Bb4+ 8. Bd2
Nxd2 9. Nbxd2 Be6 10. Bb5 Qe7 11. Bxc6+ bxc6 12. O-O O-O 13. a3 Ba5 14. b4 Bb6
15. Nb3 f6 16. Nc5 Bf7 17. Re1 Rae8 18. e6 Bxe6 19. Rxe6 Qf7 20. Rxe8 Rxe8 21.
Qd2 Bxc5 22. bxc5 Qg6 23. Re1 Rb8 24. Re7 Rb7 25. Qa5 Rb3 26. Qxa7 h6 27. a4
Rxf3 28. Qxc7 Ra3 29. a5 Ra1+ 30. Kh2 Ra2 31. a6 Rxf2 32. a7 Qxg2# {White
checkmated} 0-1

[Event "FICS rated standard game"]
[Site "FICS freechess.org"]
[Date "2018.01.20"]
[Round "?"]
[White "Bodrov"]
[Black "MRKumar"]
[Result "0-1"]
[WhiteElo "1747"]
[BlackElo "1720"]
[PlyCount "44"]
[EventDate "2018.??.??"]

1. e4 e5 2. Nf3 Nc6 3. c3 Bc5 4. Bb5 Nf6 5. b4 Bb6 6. d3 O-O 7. Na3 d5 8. exd5
Nxd5 9. c4 Nc3 10. Qc2 Nxb5 11. Nxb5 a6 12. c5 Nxb4 13. Qb3 Nxd3+ 14. Kf1 Bxc5
15. Nxc7 Nxc1 16. Rxc1 Qxc7 17. Qc4 b6 18. Qd5 Be6 19. Qxe5 Qxe5 20. Nxe5 Rad8
21. g3 Bh3+ 22. Kg1 Rd2 {White resigns} 0-1

[Event "FICS rated blitz game"]
[Site "FICS freechess.org"]
[Date "2018.01.20"]
[Round "?"]
[White "freshwater"]
[Black "ALSChess"]
[Result "0-1"]
[WhiteElo "1342"]
[BlackElo "1239"]
[PlyCount "52"]
[EventDate "2018.??.??"]
[EventType "blitz"]

1. e4 e5 2. Nf3 Nc6 3. c3 d6 4. a4 Be7 5. b4 Nf6 6. d3 O-O 7. Be2 h6 8. O-O Nh7
9. a5 Bf6 10. b5 Ne7 11. Be3 d5 12. exd5 Nxd5 13. Bd2 Bg4 14. c4 Bxf3 15. Bxf3
Nf4 16. Bxf4 exf4 17. Ra2 Rb8 18. Nd2 Ng5 19. Ne4 Nxf3+ 20. Qxf3 Be5 21. Nc5
Qc8 22. Rd1 c6 23. d4 Bc7 24. bxc6 bxc6 25. Qxc6 Qg4 26. Qxc7 Qxd1# {White
checkmated} 0-1

[Event "FICS rated blitz game"]
[Site "FICS freechess.org"]
[Date "2018.01.20"]
[Round "?"]
[White "BiH"]
[Black "thomasalexander"]
[Result "1-0"]
[WhiteElo "1547"]
[BlackElo "1579"]
[PlyCount "73"]
[EventDate "2018.??.??"]
[EventType "blitz"]

1. e4 e5 2. Nf3 Nc6 3. c3 Nf6 4. d4 d6 5. d5 Ne7 6. h3 c6 7. c4 Nxe4 8. Be3
Qa5+ 9. Nc3 Nxc3 10. Qd2 Bd7 11. bxc3 Ng6 12. dxc6 Bxc6 13. Be2 Be7 14. O-O O-O
15. Ne1 Rad8 16. Qc2 a6 17. Rb1 Nh4 18. Bb6 Qa3 19. Bxd8 Rxd8 20. Bd3 h6 21. f3
Qc5+ 22. Kh2 Re8 23. g3 e4 24. fxe4 Qe5 25. Qf2 Bf6 26. Kg1 Ng6 27. Nf3 Qxc3
28. Rb3 Qa5 29. h4 Bxe4 30. Bxe4 Rxe4 31. Rd1 Nxh4 32. gxh4 Rg4+ 33. Kf1 Qf5
34. Rxb7 Rf4 35. Rb8+ Kh7 36. Ke2 Qc2+ 37. Rd2 1-0

[Event "FICS rated standard game"]
[Site "FICS freechess.org"]
[Date "2018.01.20"]
[Round "?"]
[White "Qdal"]
[Black "fjgold"]
[Result "1-0"]
[WhiteElo "1729"]
[BlackElo "1785"]
[PlyCount "53"]
[EventDate "2018.??.??"]

1. e4 e5 2. Nf3 Nc6 3. c3 Bc5 4. d4 exd4 5. cxd4 Bb4+ 6. Nc3 d5 7. Bb5 Nge7 8.
O-O Bxc3 9. Bxc6+ Nxc6 10. bxc3 dxe4 11. Ng5 O-O 12. Qh5 h6 13. Ba3 hxg5 14.
Bxf8 Kxf8 15. Qh8+ Ke7 16. Qxg7 Ke6 17. Rad1 Qd5 18. c4 Qxc4 19. d5+ Ke7 20.
Qxg5+ Kf8 21. dxc6 Be6 22. cxb7 Rb8 23. Rd8+ Rxd8 24. Qxd8+ Kg7 25. b8=Q Qxa2
26. Qg5+ Kh7 27. Qbg8# {Black checkmated} 1-0

[Event "FICS rated blitz game"]
[Site "FICS freechess.org"]
[Date "2018.01.20"]
[Round "?"]
[White "capricornus"]
[Black "bermarioit"]
[Result "1-0"]
[WhiteElo "1314"]
[BlackElo "1300"]
[PlyCount "91"]
[EventDate "2018.??.??"]
[EventType "blitz"]

1. e4 e5 2. Nf3 Nc6 3. c3 Bc5 4. b4 Bb6 5. d3 Nf6 6. Be2 Ng4 7. O-O Nxf2 8.
Rxf2 Bxf2+ 9. Kxf2 d5 10. b5 Ne7 11. Nxe5 Qd6 12. d4 O-O 13. Kg1 dxe4 14. Nd2
e3 15. Ndc4 Qd5 16. Nxe3 Qd6 17. c4 c6 18. c5 Qc7 19. bxc6 Nxc6 20. N3c4 Be6
21. Nd6 Rad8 22. Bf4 b6 23. Nxc6 Qxc6 24. Bf3 Bd5 25. Bxd5 Qxd5 26. h3 bxc5 27.
dxc5 Qxc5+ 28. Kh1 Rfe8 29. Qb3 Re6 30. Nb7 Qe7 31. Na5 Re1+ 32. Rxe1 Qxe1+ 33.
Kh2 g5 34. Bc7 Rd7 35. Qb5 Rxc7 36. Qb8+ Kg7 37. Qxc7 Qb1 38. Nc6 Qc1 39. Qe5+
Kg8 40. Nxa7 Qf4+ 41. Qxf4 gxf4 42. Kg1 Kg7 43. Kf2 Kg6 44. Kf3 Kg5 45. Nb5 h5
46. a4 {Black resigns} 1-0

[Event "FICS rated blitz game"]
[Site "FICS freechess.org"]
[Date "2018.01.20"]
[Round "?"]
[White "BiH"]
[Black "lowmiles"]
[Result "1-0"]
[WhiteElo "1594"]
[BlackElo "1582"]
[PlyCount "67"]
[EventDate "2018.??.??"]
[EventType "blitz"]

1. e4 e5 2. Nf3 Nc6 3. c3 Bc5 4. d4 exd4 5. cxd4 Bb6 6. d5 Nce7 7. Nc3 d6 8. h3
h6 9. Bd3 Nf6 10. O-O O-O 11. Nh4 Ng6 12. Nxg6 fxg6 13. Kh2 Bd4 14. Ne2 Bb6 15.
f4 Nh5 16. Qe1 Qd7 17. Ng3 Nf6 18. f5 g5 19. Qe2 Re8 20. Qf3 c6 21. Nh5 Nxh5
22. Qxh5 Bd4 23. dxc6 Be5+ 24. Kh1 bxc6 25. Bc4+ Kh8 26. Bf7 Re7 27. Be6 Qc7
28. Bxg5 Rxe6 29. fxe6 Bxe6 30. Bxh6 gxh6 31. Qxh6+ Kg8 32. Qxe6+ Kh8 33. Rf7
Qc8 34. Qh6+ {Black resigns} 1-0

[Event "FICS rated blitz game"]
[Site "FICS freechess.org"]
[Date "2018.01.20"]
[Round "?"]
[White "jetline"]
[Black "fepeven"]
[Result "0-1"]
[WhiteElo "1543"]
[BlackElo "1598"]
[PlyCount "54"]
[EventDate "2018.??.??"]
[EventType "blitz"]

1. e4 e5 2. Nf3 Nc6 3. c3 Bc5 4. d4 exd4 5. cxd4 Bb4+ 6. Nc3 Ba5 7. Bc4 Nge7 8.
d5 Nb4 9. O-O O-O 10. a3 Na6 11. Bxa6 bxa6 12. b4 Bb6 13. a4 c6 14. Re1 Ng6 15.
Bb2 cxd5 16. Qxd5 Rb8 17. a5 Bb7 18. Qf5 Bc7 19. e5 Re8 20. Ng5 Re7 21. Qh3
Bxe5 22. Qxh7+ Kf8 23. Rxe5 Rxe5 24. Nce4 Bxe4 25. Bxe5 Qxg5 26. Qxg7+ Ke7 27.
Re1 Qxg2# {White checkmated} 0-1

[Event "FICS rated blitz game"]
[Site "FICS freechess.org"]
[Date "2018.01.20"]
[Round "?"]
[White "psjw"]
[Black "Albertzav"]
[Result "1-0"]
[WhiteElo "1626"]
[BlackElo "1669"]
[PlyCount "87"]
[EventDate "2018.??.??"]
[EventType "blitz"]

1. e4 e5 2. Nf3 Nc6 3. c3 Nf6 4. Bb5 d6 5. Bxc6+ bxc6 6. d4 Bg4 7. O-O Qe7 8.
h3 Bh5 9. Be3 O-O-O 10. Nbd2 g5 11. Qa4 Kd7 12. dxe5 dxe5 13. Nc4 Bxf3 14.
Rad1+ Bxd1 15. Rxd1+ Ke8 16. Qxc6+ Nd7 17. Qxc7 f6 18. Nd6+ Qxd6 19. Rxd6 Bxd6
20. Qxd6 h5 21. Bc5 Rh7 22. b4 Nxc5 23. Qxc5 h4 24. Qc6+ Rdd7 25. Qxf6 g4 26.
Qxe5+ Rde7 27. Qb5+ Kd8 28. Qb8+ Kd7 29. Qxa7+ Ke8 30. Qb8+ Kd7 31. c4 gxh3 32.
c5 hxg2 33. Kxg2 Ref7 34. Qd6+ Kc8 35. c6 h3+ 36. Kh2 Rxf2+ 37. Kg3 Rg2+ 38.
Kf3 Rf7+ 39. Ke3 h2 40. Qe6+ Kb8 41. Qxf7 Rg3+ 42. Kd4 Rg7 43. Qxg7 h1=Q 44.
Qb7# {Black checkmated} 1-0

[Event "FICS rated blitz game"]
[Site "FICS freechess.org"]
[Date "2018.01.20"]
[Round "?"]
[White "mougly"]
[Black "GayanovK"]
[Result "1/2-1/2"]
[WhiteElo "1393"]
[BlackElo "1333"]
[PlyCount "76"]
[EventDate "2018.??.??"]
[EventType "blitz"]

1. e4 e5 2. Nf3 Nc6 3. c3 Bc5 4. d4 exd4 5. cxd4 Bb6 6. Nc3 d6 7. h3 Nf6 8. Bg5
O-O 9. Nd5 Re8 10. Bc4 Rxe4+ 11. Be2 Bxd4 12. O-O h6 13. Bxf6 Bxf6 14. Nxf6+
Qxf6 15. Qd3 Bf5 16. Rfe1 Rae8 17. Qb5 Nd4 18. Nxd4 Rxd4 19. Qxe8+ Kh7 20. Rad1
Re4 21. Qb5 Bxh3 22. gxh3 Qg6+ 23. Kh2 Qf6 24. Bd3 Qxf2+ 25. Kh1 Qf3+ 26. Kg1
Qg3+ 27. Kf1 Qf3+ 28. Kg1 Qg3+ 29. Kh1 Qxh3+ 30. Kg1 Qg3+ 31. Kh1 Qh3+ 32. Kg1
Qg3+ 33. Kf1 Qf3+ 34. Kg1 Qg3+ 35. Kh1 Qh3+ 36. Kg1 Qg3+ 37. Kh1 Qh3+ 38. Kg1
Qg3+ 1/2-1/2

[Event "FICS rated blitz game"]
[Site "FICS freechess.org"]
[Date "2018.01.20"]
[Round "?"]
[White "BiH"]
[Black "lowmiles"]
[Result "1-0"]
[WhiteElo "1593"]
[BlackElo "1583"]
[PlyCount "51"]
[EventDate "2018.??.??"]
[EventType "blitz"]

1. e4 e5 2. Nf3 Nc6 3. c3 Bc5 4. d4 exd4 5. cxd4 Bb6 6. d5 Nb8 7. Nc3 d6 8. h3
Ne7 9. Bc4 O-O 10. O-O Ng6 11. Bg5 f6 12. Be3 Nd7 13. Bxb6 axb6 14. Nd4 Nde5
15. Bb3 f5 16. f4 c5 17. dxc6+ Kh8 18. exf5 Bxf5 19. cxb7 Rb8 20. Nxf5 Rxf5 21.
fxe5 Rxe5 22. Bd5 Qg5 23. Qf3 h6 24. Be4 Nh4 25. Qf8+ Rxf8 26. Rxf8# {Black
checkmated} 1-0

[Event "FICS rated standard game"]
[Site "FICS freechess.org"]
[Date "2018.01.20"]
[Round "?"]
[White "louarn"]
[Black "stefucl"]
[Result "0-1"]
[WhiteElo "1393"]
[BlackElo "1589"]
[PlyCount "50"]
[EventDate "2018.??.??"]

1. e4 e5 2. Nf3 Nc6 3. c3 Nf6 4. d3 Bc5 5. Be2 d6 6. O-O O-O 7. d4 exd4 8. cxd4
Bb6 9. Bg5 h6 10. Bxf6 gxf6 11. d5 Ne5 12. Nxe5 fxe5 13. Kh1 Kh8 14. Qd2 Qf6
15. Nc3 Rg8 16. Bf3 Bg4 17. Bxg4 Rxg4 18. Ne2 Rag8 19. Ng3 Rh4 20. Nf5 Rh5 21.
Ng3 Rhg5 22. h4 Rg4 23. Kg1 Rxg3 24. Kh1 Rxg2 25. Rg1 Qxh4# {White checkmated}
0-1

[Event "FICS rated blitz game"]
[Site "FICS freechess.org"]
[Date "2018.01.20"]
[Round "?"]
[White "gmarius"]
[Black "eugenio"]
[Result "0-1"]
[WhiteElo "1317"]
[BlackElo "1265"]
[PlyCount "68"]
[EventDate "2018.??.??"]
[EventType "blitz"]

1. e4 e5 2. Nf3 Nc6 3. c3 Bc5 4. d3 h6 5. h3 Nf6 6. Be2 a6 7. O-O d6 8. Re1 Ne7
9. Nbd2 Ng6 10. Nf1 O-O 11. Ng3 b5 12. d4 Ba7 13. Be3 c5 14. d5 c4 15. Bxa7
Rxa7 16. Nh2 Nf4 17. Qd2 Nh7 18. b3 f5 19. Bf3 Nd3 20. Re2 f4 21. Nf5 Bxf5 22.
exf5 Rxf5 23. Be4 Rg5 24. Nf3 Rh5 25. g4 Rxh3 26. Nh2 Qh4 27. f3 Ng5 28. Bxd3
cxd3 29. Rg2 Nxf3+ 30. Nxf3 Rxf3 31. Rf1 Rxf1+ 32. Kxf1 Qh1+ 33. Kf2 e4 34.
Qxf4 Rf7 {White resigns} 0-1

[Event "FICS rated standard game"]
[Site "FICS freechess.org"]
[Date "2018.01.20"]
[Round "?"]
[White "Leopoldt"]
[Black "Playerinfor"]
[Result "1-0"]
[WhiteElo "1666"]
[BlackElo "1666"]
[PlyCount "69"]
[EventDate "2018.??.??"]

1. e4 e5 2. Nf3 Nc6 3. c3 h6 4. Be2 a6 5. h3 Nf6 6. d4 exd4 7. e5 Nh7 8. cxd4
g5 9. O-O Bg7 10. Re1 O-O 11. Nc3 d6 12. Bd3 dxe5 13. Bxh7+ Kxh7 14. Qc2+ Kg8
15. dxe5 Be6 16. b3 Nd4 17. Qe4 Nxf3+ 18. Qxf3 Qd4 19. Bb2 c6 20. Rad1 Qb6 21.
Ne4 Rad8 22. Nd6 Qc7 23. Ba3 Bd5 24. Qe3 Rfe8 25. Qc3 Re6 26. Bb2 Rdxd6 27.
exd6 Bxc3 28. dxc7 Rxe1+ 29. Rxe1 Bxe1 30. c8=Q+ Kh7 31. Qxb7 a5 32. Qe7 Be6
33. h4 Bb4 34. Qf6 gxh4 35. Qg7# {Black checkmated} 1-0

[Event "FICS rated blitz game"]
[Site "FICS freechess.org"]
[Date "2018.01.20"]
[Round "?"]
[White "jsssstplayinn"]
[Black "Albertzav"]
[Result "1-0"]
[WhiteElo "1647"]
[BlackElo "1655"]
[PlyCount "75"]
[EventDate "2018.??.??"]
[EventType "blitz"]

1. e4 e5 2. Nf3 Nc6 3. c3 d6 4. d4 Bg4 5. d5 Nce7 6. Be2 Qd7 7. Qb3 O-O-O 8.
Be3 Kb8 9. Bb5 c6 10. dxc6 Nxc6 11. Nbd2 Nf6 12. Nc4 Rc8 13. Na5 Qc7 14. Nxc6+
Ka8 15. Nb4 Bxf3 16. gxf3 d5 17. exd5 a6 18. Qa4 Bxb4 19. cxb4 Nxd5 20. O-O f5
21. Bxa6 Nb6 22. Bxb6 Qxb6 23. Be2+ Kb8 24. Qd7 e4 25. Qxf5 exf3 26. Bxf3 Rcf8
27. Qe5+ Ka8 28. Bg2 h5 29. b5 h4 30. h3 g5 31. a4 g4 32. hxg4 h3 33. Bf3 h2+
34. Kh1 Re8 35. Qd5 Rhf8 36. a5 Qc7 37. a6 Rxf3 38. axb7+ {Black resigns} 1-0

[Event "FICS rated blitz game"]
[Site "FICS freechess.org"]
[Date "2018.01.20"]
[Round "?"]
[White "sasfro"]
[Black "Blubbie"]
[Result "1-0"]
[WhiteElo "1346"]
[BlackElo "1098"]
[PlyCount "95"]
[EventDate "2018.??.??"]
[EventType "blitz"]

1. e4 e5 2. Nf3 Nc6 3. c3 Bc5 4. d4 exd4 5. cxd4 Bb4+ 6. Nc3 Nf6 7. Bd3 Qe7 8.
O-O O-O 9. e5 Bxc3 10. bxc3 Nd5 11. Bg5 Qe8 12. Qc2 d6 13. Bxh7+ Kh8 14. Be4
Nb6 15. exd6 cxd6 16. Rfe1 Qd7 17. Nh4 Qg4 18. f4 f6 19. Ng6+ Kg8 20. Nxf8 Kxf8
21. Bf3 Qd7 22. Bh4 Ne7 23. c4 Nf5 24. Bf2 a5 25. Rab1 Na4 26. Bg4 Qf7 27. Qxa4
Nxd4 28. Bxc8 Rxc8 29. Bxd4 Rxc4 30. Qd1 Qd5 31. Bf2 Qf5 32. Qxd6+ Kg8 33. Qe6+
Qxe6 34. Rxe6 Rxf4 35. Rxb7 Ra4 36. Rb2 Kf7 37. Reb6 Rc4 38. h3 Kg6 39. R6b5
Ra4 40. Be1 Re4 41. Bxa5 Ra4 42. Bb4 Ra6 43. a3 f5 44. Rd5 Kg5 45. Be7+ Kf4 46.
Rf2+ Ke4 47. Rdxf5 Rxa3 48. Bxa3 {Black resigns} 1-0

[Event "FICS rated standard game"]
[Site "FICS freechess.org"]
[Date "2018.01.20"]
[Round "?"]
[White "FyFazan"]
[Black "malachifnord"]
[Result "1-0"]
[WhiteElo "1651"]
[BlackElo "1488"]
[PlyCount "47"]
[EventDate "2018.??.??"]

1. e4 e5 2. Nf3 Nc6 3. c3 Nf6 4. d3 Bd6 5. Be2 O-O 6. O-O Re8 7. Bg5 Bc5 8. d4
Bb6 9. dxe5 Nxe5 10. Nxe5 Rxe5 11. Bh4 d5 12. Nd2 dxe4 13. Nc4 Qxd1 14. Raxd1
Rb5 15. Nxb6 Rxb6 16. b3 Bf5 17. c4 Re8 18. h3 e3 19. fxe3 Rxe3 20. Rde1 Bc2
21. Bg5 Rbe6 22. Bxe3 Rxe3 23. Bf3 Rxe1 24. Rxe1 {Black resigns} 1-0

[Event "FICS rated blitz game"]
[Site "FICS freechess.org"]
[Date "2018.01.20"]
[Round "?"]
[White "churningpigskin"]
[Black "THEBIRDS"]
[Result "0-1"]
[WhiteElo "1312"]
[BlackElo "1120"]
[PlyCount "52"]
[EventDate "2018.??.??"]
[EventType "blitz"]

1. e4 e5 2. Nf3 Nc6 3. c3 Nf6 4. Bc4 h6 5. O-O d5 6. exd5 Nxd5 7. Bb5 Bd6 8.
Bxc6+ bxc6 9. Nxe5 Bxe5 10. Re1 O-O 11. Rxe5 Qf6 12. d4 Be6 13. c4 Ne7 14. Re3
Rad8 15. Rf3 Qg6 16. Rg3 Qh7 17. b3 Nf5 18. Rf3 Nxd4 19. Rg3 f5 20. Bb2 c5 21.
b4 f4 22. Rc3 f3 23. bxc5 Ne2+ 24. Qxe2 fxe2 25. Na3 Rd1+ 26. Rxd1 exd1=Q# {
White checkmated} 0-1

[Event "FICS rated blitz game"]
[Site "FICS freechess.org"]
[Date "2018.01.20"]
[Round "?"]
[White "RADACK"]
[Black "fatserg"]
[Result "1-0"]
[WhiteElo "1510"]
[BlackElo "1482"]
[PlyCount "23"]
[EventDate "2018.??.??"]
[EventType "blitz"]

1. e4 e5 2. Nf3 Nc6 3. c3 Nf6 4. Qc2 d5 5. exd5 Qxd5 6. d4 e4 7. Nfd2 Bf5 8.
Bc4 Qd6 9. Qb3 Na5 10. Bxf7+ Ke7 11. Qb5 b6 12. Qxf5 {Black resigns} 1-0

[Event "FICS rated blitz game"]
[Site "FICS freechess.org"]
[Date "2018.01.20"]
[Round "?"]
[White "posted"]
[Black "radecek"]
[Result "0-1"]
[WhiteElo "1509"]
[BlackElo "1545"]
[PlyCount "54"]
[EventDate "2018.??.??"]
[EventType "blitz"]

1. e4 e5 2. Nf3 Nc6 3. c3 Nf6 4. d4 Nxe4 5. d5 Nb8 6. Nxe5 Bc5 7. Nd3 Be7 8.
Nd2 Nf6 9. Qf3 d6 10. Be2 Bg4 11. Qg3 Bxe2 12. Kxe2 O-O 13. c4 c6 14. dxc6 Nxc6
15. Nf3 Re8 16. Re1 Bf8+ 17. Kf1 Rxe1+ 18. Ndxe1 Qd7 19. Be3 Re8 20. Nc2 Ne4
21. Qf4 Qe6 22. b3 b5 23. cxb5 Ne5 24. Qxe4 Nxf3 25. Qxf3 d5 26. Nd4 Qe5 27.
Nc6 Qxa1+ 0-1

[Event "FICS rated lightning game"]
[Site "FICS freechess.org"]
[Date "2018.01.20"]
[Round "?"]
[White "kungzeb"]
[Black "rossoscuro"]
[Result "1-0"]
[WhiteElo "1789"]
[BlackElo "1946"]
[PlyCount "59"]
[EventDate "2018.??.??"]

1. e4 e5 2. Nf3 Nc6 3. c3 Nf6 4. d4 exd4 5. e5 Nd5 6. cxd4 d6 7. Bb5 dxe5 8.
Nxe5 Bd7 9. Nxd7 Qxd7 10. O-O Bd6 11. Re1+ Be7 12. Bg5 O-O 13. Bxc6 bxc6 14.
Bxe7 Nxe7 15. Nc3 Nf5 16. d5 cxd5 17. Qxd5 Qxd5 18. Nxd5 Rab8 19. b3 c6 20.
Ne7+ Nxe7 21. Rxe7 Rfc8 22. Rxa7 c5 23. Re1 c4 24. bxc4 Rxc4 25. h3 Rc2 26.
Ree7 h6 27. Rxf7 Rbb2 28. Rxg7+ Kf8 29. Rh7 Rxf2 30. Rh8# {Black checkmated}
1-0

[Event "FICS rated blitz game"]
[Site "FICS freechess.org"]
[Date "2018.01.20"]
[Round "?"]
[White "sampaths"]
[Black "IFDTitan"]
[Result "0-1"]
[WhiteElo "1584"]
[BlackElo "1664"]
[PlyCount "24"]
[EventDate "2018.??.??"]
[EventType "blitz"]

1. e4 e5 2. Nf3 Nc6 3. c3 Nf6 4. d4 exd4 5. cxd4 Nxe4 6. Bd3 Bb4+ 7. Nbd2 Nxd2
8. Bxd2 Qe7+ 9. Kf1 d5 10. g3 O-O 11. Kg2 Bg4 12. Bxb4 Qxb4 0-1

[Event "FICS rated lightning game"]
[Site "FICS freechess.org"]
[Date "2018.01.20"]
[Round "?"]
[White "kungzeb"]
[Black "javierrivas"]
[Result "0-1"]
[WhiteElo "1813"]
[BlackElo "1871"]
[PlyCount "110"]
[EventDate "2018.??.??"]

1. e4 e5 2. Nf3 Nc6 3. c3 Bc5 4. d4 exd4 5. cxd4 Bb6 6. Bb5 Nge7 7. O-O O-O 8.
Nc3 d6 9. d5 Ne5 10. Nxe5 dxe5 11. h3 Ng6 12. Re1 f5 13. exf5 Rxf5 14. Qc2
Bxf2+ 15. Qxf2 Rxf2 16. Kxf2 Qh4+ 17. Kg1 Bxh3 18. gxh3 Qg3+ 19. Kf1 Rf8+ 20.
Ke2 Qxh3 21. Ne4 Qg2+ 22. Kd1 Qf3+ 23. Kc2 Nf4 24. Bxf4 exf4 25. Bd3 Rd8 26.
Rf1 Qe3 27. Rae1 Qd4 28. Rd1 Rxd5 29. Kb1 Qxd3+ 30. Rxd3 Rxd3 31. Rxf4 Rd1+ 32.
Kc2 Rd7 33. Ng5 h6 34. Ne6 Kh7 35. Nf8+ Kg8 36. Nxd7 g5 37. Ne5 Kg7 38. Rf1 h5
39. Nf3 Kh6 40. Nxg5 Kxg5 41. Rh1 h4 42. Rd1 Kg4 43. Rd7 Kg3 44. Rxc7 h3 45.
Rh7 h2 46. Rxh2 Kxh2 47. Kb3 Kg3 48. Kc4 Kf4 49. Kd5 Kf5 50. Kd6 Ke4 51. Kc7
Kd4 52. Kxb7 a5 53. Ka7 a4 54. Ka6 Kc4 55. Ka5 Kd3 0-1

[Event "FICS rated standard game"]
[Site "FICS freechess.org"]
[Date "2018.01.20"]
[Round "?"]
[White "koadjao"]
[Black "nukslim"]
[Result "1-0"]
[WhiteElo "1726"]
[BlackElo "1700"]
[PlyCount "65"]
[EventDate "2018.??.??"]

1. e4 e5 2. Nf3 Nc6 3. c3 Nf6 4. d4 exd4 5. e5 Nd5 6. cxd4 Bb4+ 7. Bd2 Bxd2+ 8.
Qxd2 O-O 9. Nc3 Nxc3 10. Qxc3 d6 11. O-O-O dxe5 12. dxe5 Qe7 13. Bb5 Be6 14.
Bxc6 bxc6 15. a3 Bd5 16. Nd4 Qg5+ 17. Kb1 Qxe5 18. Rhe1 Qxh2 19. Nxc6 Bxg2 20.
Rg1 g6 21. f4 Bxc6 22. Qxc6 Qxf4 23. Rdf1 Qd6 24. Qc4 Rad8 25. Rh1 Qb6 26. Qh4
h5 27. Rh2 Qd4 28. Rf4 Qd3+ 29. Ka1 Rd5 30. Rg2 Rfd8 31. Qe7 R8d7 32. Rxg6+
fxg6 33. Rf8# {Black checkmated} 1-0

[Event "FICS rated blitz game"]
[Site "FICS freechess.org"]
[Date "2018.01.20"]
[Round "?"]
[White "kungzeb"]
[Black "AnderssenA"]
[Result "0-1"]
[WhiteElo "1752"]
[BlackElo "2491"]
[PlyCount "26"]
[EventDate "2018.??.??"]
[EventType "blitz"]

1. e4 e5 2. Nf3 Nc6 3. c3 d5 4. exd5 Qxd5 5. d4 Nf6 6. Be3 exd4 7. Nxd4 Bg4 8.
Be2 Qxg2 9. Rf1 O-O-O 10. Nd2 Nxd4 11. Bxd4 Re8 12. f3 Bh3 13. Qa4 Qxe2# {
White checkmated} 0-1

[Event "FICS rated standard game"]
[Site "FICS freechess.org"]
[Date "2018.01.20"]
[Round "?"]
[White "knanah"]
[Black "Gotbe"]
[Result "1-0"]
[WhiteElo "1571"]
[BlackElo "1477"]
[PlyCount "69"]
[EventDate "2018.??.??"]

1. e4 Nc6 2. Nf3 e5 3. c3 d6 4. Bc4 Nf6 5. Qb3 Qe7 6. Ng5 Nd8 7. O-O h6 8. Nf3
c6 9. d4 b5 10. Be2 Nxe4 11. dxe5 Qxe5 12. Nxe5 dxe5 13. c4 Be6 14. Qe3 f5 15.
Bf3 Bc5 16. Qe1 Bd5 17. cxd5 cxd5 18. Bxe4 dxe4 19. Be3 Bd6 20. Qd1 Nb7 21. Qd5
O-O-O 22. Bxa7 Bb8 23. Qe6+ Rd7 24. Bxb8 Nc5 25. Qc6+ Kd8 26. Qxc5 Ke8 27.
Qxe5+ Re7 28. Qxb5+ Kf7 29. Bd6 Re6 30. Qc4 Rhe8 31. Nc3 g5 32. Nb5 Kg6 33. Nc7
Rc8 34. Qxe6+ Kh5 35. Qxc8 {Black resigns} 1-0

[Event "FICS rated blitz game"]
[Site "FICS freechess.org"]
[Date "2018.01.20"]
[Round "?"]
[White "GayanovK"]
[Black "GriffyJr"]
[Result "0-1"]
[WhiteElo "1316"]
[BlackElo "1926"]
[PlyCount "86"]
[EventDate "2018.??.??"]
[EventType "blitz"]

1. e4 e5 2. Nf3 Nc6 3. c3 f5 4. exf5 e4 5. Ng1 Qg5 6. d3 Qxf5 7. Ne2 exd3 8.
Ng3 Qe5+ 9. Kd2 Bc5 10. Bxd3 Bxf2 11. Qf3 Qf6 12. Qe2+ Nge7 13. Ne4 Qg6 14.
Nxf2 Qxg2 15. Na3 O-O 16. Ne4 Qxh1 17. Bc4+ d5 18. Bb3 Rf4 19. Ng3 Qf3 20. Qxf3
Rxf3 21. Ke2 Bg4 22. Kd2 Rf2+ 23. Ke1 Rxh2 24. Nc2 Ne5 25. Ne3 Nd3+ 26. Kf1
Nxc1 27. Rxc1 Be6 28. Bc2 Rf8+ 29. Kg1 Rhf2 30. Ngf1 Re2 31. b3 Rf3 32. Nxd5
Nxd5 33. Bd1 Re1 34. Bxf3 Rxc1 35. Bxd5 Bxd5 36. Kf2 Ra1 37. c4 Rxa2+ 38. Ke3
Bc6 39. Nd2 Rb2 40. Kd3 h5 41. Kc3 Ra2 42. b4 g5 43. b5 Bg2 {White resigns} 0-1